| 000 | 00783nam a2200253Ia 4500 | ||
|---|---|---|---|
| 003 | GCL | ||
| 008 | 140319s9999 xx 000 0 ara d | ||
| 020 | _a4525378977 | ||
| 040 |
_aGCL / _cGCL |
||
| 082 | 0 | 4 |
_a243 _bج ا |
| 100 | 1 | _aجمال البنا | |
| 245 | 1 | 0 |
_aاسس العقيدة : _bالله - الموت - وخلود الروح - الدار الاخرة / _cجمال البنا |
| 260 |
_aالقاهرة : _bدار الفكر الاسلامى ، _c2005 |
||
| 300 |
_a128 ص ؛ _c24 سم |
||
| 490 | _a | ||
| 650 | 0 | 4 | _aالوحدانية |
| 650 | 0 | 4 | _aالحياة الاخرى |
| 650 | 0 | 4 | _aالله |
| 650 | 0 | 4 | _aالعقيدة الاسلامية |
| 650 | 0 | 4 | _aالروح |
| 650 | 0 | 4 | _aالخلود |
| 650 | 0 | 4 | _aالموت - جهنم |
| 942 |
_2ddc _cBK |
||
| 999 |
_c37598 _d37598 |
||